000 00640nam a2200241Ia 4500
003 OSt
005 20220918191147.0
006 a|||||r|||| 00| 0
007 ta
008 220917b |||||||| |||| 00| 0 eng d
024 _a61,777
037 _cTextual
040 _aARTS
_cARTS
_beng
041 _2eng
_aeng
082 _aQ42:2S, N4
100 _aPowers John
_94472
245 0 _aWisdom of Buddha
_b the samdhinirmocana Sutra
260 _aBerkeley
_bDharma Publishing
_c1995
300 _axxii, 397p.
_ccm.
650 _aRELIGION
942 _hQ42:2S, N4
_cTEXL
_2CC
999 _c188552
_d188552